Countries with a version of the masked singer - Statistics

General Stats
  • This quiz has been taken 44 times
  • The average score is 36 of 57
Answer Stats
Answer % Correct
France
94%
Germany
94%
United States
94%
Spain
88%
United Kingdom
88%
Australia
82%
Sweden
82%
Canada
76%
China
76%
Japan
76%
Norway
76%
Thailand
76%
Argentina
71%
Belgium
71%
Brazil
71%
Finland
71%
Italy
71%
Mexico
71%
Russia
71%
Chile
65%
Hungary
65%
Peru
65%
Romania
65%
South Africa
65%
Ukraine
65%
Vietnam
65%
Armenia
59%
Austria
59%
Bulgaria
59%
Colombia
59%
Denmark
59%
Estonia
59%
Netherlands
59%
Poland
59%
Portugal
59%
South Korea
59%
Switzerland
59%
Turkey
59%
Cambodia
53%
Croatia
53%
Greece
53%
Indonesia
53%
Israel
53%
Kazakhstan
53%
Latvia
53%
Lithuania
53%
Philippines
53%
Uruguay
53%
Azerbaijan
47%
Czechia
47%
Georgia
47%
Malaysia
47%
New Zealand
47%
Panama
47%
Mongolia
29%
Myanmar
29%
Saudi Arabia
29%
No matching quizzes found
Score Distribution
Percent of People with Each Score
Percentile by Number Answered
Your Score History
You have not taken this quiz